Chile (Registro nro. 303372)

Detalles MARC
000 -ENCABEZADO
Número de control [NR] 01349nam a2200229 4500
005 - FECHA Y HORA DE LA ÚLTIMA TRANSACCIÓN
control field 20160505092918.0
008 - DE LONGITUD FIJA DE DATOS DE ELEMENTOS - INFORMACIÓN GENERAL
Elementos de longitud fija [NR] 160504s1918 c a|||fr|||| 001 0 spa d
040 ## - FUENTE DE CATALOGACION [NR]
Agencia de catalogación original [NR] CO-BoUCM
Idioma de catalogación [NR] spa
Quien Cataloga Sandra Yazo
Quien Clasifica Sandra Yazo
041 0# - CODIGO DE IDIOMA [R]
Código de idioma para texto/pista de sonido o título separado [R] Español
082 04 - NUMERO DE CLASIFICACION DECIMAL DEWEY [R]
Número de la edición [NR] 20
Número de clasificación [R] 918.983
092 ## - SIGNATURA TOPOGRAFICA LOCAL
Número de clasificación local E39N072
110 1# - ASIENTO PRINCIPAL--NOMBRE CORPORATIVO [NR]
Nombre corporativo o de jurisdicción como elemento de entrada [NR] Gobierno de Chile
ID de autoridad 77033
245 10 - MENCION DE TITULO [NR]
Título [NR] Chile
Mención de responsabilidad, etc. [NR] por el Gobierno de Chile
260 ## - PUBLICACION, DISTRIBUCION, ETC. (PIE DE IMPRENTA) [R]
Lugar de publicación, distribución, etc. [R] Santiago de Chile
Nombre del editor, distribuidor, etc. [R] Zig Zag
Fecha de publicación, distribución, etc. [R] 1918
300 ## - DESCRIPCION FISICA [R]
Extensión [R] 302 páginas
Dimensiones [R] 26 x 18 cm.
500 ## - NOTA GENERAL [R]
Nota general [NR] Detalles físicos: Encuadernación rígida en cartón forrado en tela. Guardas. Hoja de cortesía. Portada impresa en una sola tinta. Cenefas y remates. Texto impreso en una sola columna, con varias ilustraciones entre el texto, algunos planos. Ejemplar en buen estado de conservación. Tapas con residuos de cinta pegante
505 ## - NOTA DE CONTENIDO CON FORMATO PREESTABLECIDO [R]
Nota de contenido con formato preestablecido [NR] Situación, límites y superficie territorial ; Climatología ; Fauna ; Flora ; Población ; Inmigración ; Reseña histórica ; Emblemas nacionales ; Organización del poder judicial ; La hacienda pública ; Ejercito ; Marina ; El servicio de estadística ; Política ; Periodismo ; Deportes ; Agricultura ; Bosques ; Minería ; Comercio ; Beneficencia e higiene
506 ## - NOTA DE RESTRICCIONES DE ACCESO [R]
Condiciones de acceso [NR] Consulta en sala
651 #4 - ASIENTO SECUNDARIO DE MATERIA - NOMBRE GEOGRAFICO [R]
Nombre geográfico [NR] Chile
Subdivisión general [R] Geografía física
9 (RLIN) 77034
690 ## - ASUNTO AGREGADO LOCAL DE ENTRADA - TÉRMINO TEMÁTICO (OCLC, RLIN)
Acceso temático local Geografía de América
9 (RLIN) 26498
942 ## - ELEMENTOS DE ENTRADA AGREGADOS (KOHA)
Sistema de clasificación LOCAL
Tipo de ítem principal el descrito en 300a Libro
Edición 1
Clasificación E39N072
Existencias
Suprimido Perdido Sistema de clasificación Dañado No prestable Tipo de ítem específico Ubicación habitual Ubicación actual Localización Fecha de creación Forma de adquisición Costo Total préstamos Signatura topográfica Código de barras Última vez visto Ejemplar Price effective from Tipo de ítem
    LOCAL     Libro archivo Archivo Histórico Archivo Histórico Archivo histórico 04/05/2016 Donación 0.00   E39N072 L005597 04/05/2016 Ej.1 04/05/2016 Libro